| 000 | 00775nam a2200229 a 4500 | ||
|---|---|---|---|
| 999 |
_c3378 _d3378 |
||
| 001 | 3378 | ||
| 003 | BD-JhCC | ||
| 005 | 20171113114756.0 | ||
| 008 | 171113s1978 bg |||| ||a| 000 0 ben d | ||
| 035 | _a(BD-JhCC)3378 | ||
| 040 |
_aBD-JhCC _dBD-JhCC |
||
| 041 | _aben | ||
| 082 |
_a891.442 _bLOR 1978 |
||
| 100 | _aলোরকা, ফেদেরিকো গারসিয়া | ||
| 245 |
_aখুনঝরা বিয়ে / _cফেদেরিকো গারসিয়া লোরকা, |
||
| 260 |
_aঢাকা : _bমুক্তধারা প্রকাশনী, _c1978 |
||
| 300 |
_a79 p. : _c22 cm. |
||
| 650 | _aBengali Drama | ||
| 700 | _aরহমান, মুস্তাফিজুর (অনু) | ||
| 942 |
_2ddc _cBK |
||